000
00293nam a2200121 a 4500
005
20140414132009.0
008
110223s19uu xx 00 eng d
050
_a
VCD
_b
MSB(F74
245
_a
MSB For lunch :
_b
Digestion.
650
_a
Digestive system
650
_a
Digestion
999
_c
113242
_d
113242